|
|
|
|
| LEADER |
01352nam a22003612a 4500 |
| 001 |
000427896 |
| 003 |
CZ BrMZK |
| 005 |
20110905134447.0 |
| 007 |
ta |
| 008 |
010907s1978 xr a f cze d |
| 015 |
|
|
|a cnb000417447
|
| 035 |
|
|
|a (OCoLC)42158671
|
| 040 |
|
|
|a ABA001
|b cze
|c BOA001
|d ABA001
|d BOA001
|
| 041 |
1 |
|
|a cze
|h fre
|
| 080 |
9 |
|
|a 840(493)-321.6(024.3)
|
| 080 |
9 |
|
|a 840-93-311.6
|
| 100 |
1 |
|
|a Cernaut, Jean
|7 xx0016319
|4 aut
|
| 245 |
1 |
0 |
|a Zakázané pásmo /
|c Jean Cernaut ; z francouzského originálu přeložila Eva Ruxová ; ilustrovala Zdena Bílková
|
| 250 |
|
|
|a 1. vyd.
|
| 260 |
|
|
|a Praha :
|b Albatros,
|c 1978
|e (Přerov :
|f Tisk 4)
|
| 300 |
|
|
|a 118, [3] s. :
|b il. ;
|c 8°
|
| 490 |
1 |
|
|a Střelka ;
|v sv. 135
|
| 500 |
|
|
|a 13000 výt.
|
| 521 |
8 |
|
|a Pro čtenáře od 9 let
|
| 700 |
1 |
|
|a Ruxová, Eva,
|d 1923-
|7 jk01103117
|4 trl
|
| 765 |
0 |
|
|t Zona interdite
|9 Česky
|
| 830 |
|
0 |
|a Střelka (Albatros)
|0 s
|
| 856 |
4 |
1 |
|u http://www.digitalniknihovna.cz/mzk/uuid/uuid:ac2107c0-4ac7-11e3-ad8c-005056827e52
|y Digitalizovaný dokument
|x NDK
|
| 910 |
|
|
|a BOA001
|b PK-0084.175
|b 2-0798.085
|
| 990 |
|
|
|a BK
|
| 991 |
|
|
|b 201109
|
| 996 |
6 |
|
|b 2619440884
|c 2-0798.085
|l MZK
|r Sklad / do 1 hodiny
|n 0
|w 000427896
|u 000020
|a 1
|e BOA001
|j MZK50
|s P
|
| 996 |
7 |
|
|b 3119826620
|c PK-0084.175
|l MZK
|r Sklad / do 1 hodiny
|n 0
|w 000427896
|u 000010
|a 1
|e BOA001
|j MZK50
|s A
|